La magia y la fantasía /

Hablemos sobre hadas, brujas o duendes. Sobre héroes que encuentran objetos valiosos o salvan a una princesa en mundos increíbles, en espacios inexistentes. Así es el género fantástico. Recorremos los códigos de esta literatura a través de testimonios como los de Liliana Bodoc y María Paula Dufour....

Descripción completa

Guardado en:
Autor Principal: Mucci, Mariano.
Autor Corporativo: Canal Encuentro.
Formato: Deslizar
Publicado: Argentina, 2007
Series:Había Una Vez /
Materias:
Acceso en línea:https://www.educ.ar/recursos/100843/la-magia-y-la-fantasia
Etiquetas: Agregar Etiqueta
Sin Etiquetas, Sea el primero en etiquetar este registro!
LEADER 01502ngm a22003855g 4500
001 CEM.cems024114
008 130507s2007##################0###0#####d
005 20250820171456.0
245 1 0 |a La magia y la fantasía /  |c Mariano Mucci y Leticia Schilman. 
260 |a Argentina,  |c 2007 
300 |a 28'. 
490 0 |a Había Una Vez / 
538 |a Soporte: DVD - Grabación DRD 
520 |a Hablemos sobre hadas, brujas o duendes. Sobre héroes que encuentran objetos valiosos o salvan a una princesa en mundos increíbles, en espacios inexistentes. Así es el género fantástico. Recorremos los códigos de esta literatura a través de testimonios como los de Liliana Bodoc y María Paula Dufour. Además, Leonardo Sbaraglia lee fragmentos de El maravilloso mago de Oz, de Lyman Frank Baum. 
500 |a Consultar en ventanilla. 
100 1 |a Mucci, Mariano. 
710 2 |a Canal Encuentro. 
082 8 6 |/ PES 
653 |a LITERATURA 
653 |a LITERATURA INFANTIL 
653 |a PESCETTI 
653 |a GÉNERO LITERARIO 
653 |a FANTÁSTICO 
653 |a HADAS 
653 |a BRUJOS 
653 |a DUENDES 
653 |a HÉROES 
653 |a LILIANA BODOC 
653 |a MARÍA PAULA DUFOUR 
653 |a LEONARDO SBARAGLIA 
653 |a EL MAGO DE OZ 
653 |a LYMAN FRANK BAUM 
653 |a PROGRAMA DE TELEVISIÓN 
856 |u https://www.educ.ar/recursos/100843/la-magia-y-la-fantasia 
859 |a CEMS  |b BIB. CEMS - Depto. Recursos Didacticos  |h 868  |i PES  |k DRD  |p 2757.19  |t Ej.1